000 00926nam a2200265Ia 4500
003 OSt
005 20221005110623.0
006 a|||||r|||| 00| 0
007 ta
008 221004b |||||||| |||| 00| 0 hin d
020 _a9789326354837 (hbk)
_cINR 300.00
024 _a37579
037 _bBW/1694, 15/03/2018, Bookwell
_cTextual
040 _aCRL
_cCRL
_bhin
041 _2hin
_ahin
082 _aO152,3N87,MO, Q6
100 _aकांवट, बलराम
245 0 _aमोरीला
246 _aMorīlā
260 _aनई दिल्ली
_bभारतीय ज्ञानपीठ भारत
_c2016
300 _a175पृ0
_ccm.
490 _aलोकोदय ग्रन्थमाला; ग्रन्थांक 1293
942 _hO152,3N87,MO, Q6
_cTEXL
_2cc
999 _c1019366
_d1019366